Reading round the world: (Record no. 48226)
[ view plain ]
| 000 -LEADER | |
|---|---|
| fixed length control field | 01117cam a2200277 4500 |
| 001 - CONTROL NUMBER | |
| control field | 48226 |
| 003 - CONTROL NUMBER IDENTIFIER | |
| rucl marc code | BD-RjUL |
| 005 - DATE AND TIME OF LATEST TRANSACTION | |
| control field | 20211209054501.0 |
| 008 - FIXED-LENGTH DATA ELEMENTS--GENERAL INFORMATION | |
| fixed length control field | 700511s1969 enk b 000 0 eng |
| 020 ## - INTERNATIONAL STANDARD BOOK NUMBER | |
| International Standard Book Number | 0851570674 |
| 035 ## - SYSTEM CONTROL NUMBER | |
| System control number | (BD-RjUL)48345 |
| 040 ## - CATALOGING SOURCE | |
| Original cataloging agency | DLC |
| Transcribing agency | DLC |
| Modifying agency | DLC |
| -- | BD-RjUL |
| Language of cataloging | eng |
| 041 ## - LANGUAGE CODE | |
| Language code of text/sound track or separate title | eng |
| 082 00 - DEWEY DECIMAL CLASSIFICATION NUMBER | |
| Classification number | 016.027662 |
| Edition number | 23 |
| Author mark and year | REA 1969 |
| 245 00 - TITLE STATEMENT | |
| Title | Reading round the world: |
| Remainder of title | a set of international reading lists / |
| Statement of responsibility, etc. | compiled by members of the International Federation of Library Associations and edited by Frank Gardner & M. Joy Lewis. |
| 260 ## - PUBLICATION, DISTRIBUTION, ETC. (IMPRINT) | |
| Place of publication, distribution, etc. | London, |
| Name of publisher, distributor, etc. | Bingley on behalf of the I.F.L.A., |
| Date of publication, distribution, etc. | 1969. |
| 300 ## - PHYSICAL DESCRIPTION | |
| Pagination | 260 p. |
| Size | 23 cm. |
| 350 ## - PRICE (NR) (BK AM CF MU VM SE) [OBSOLETE] | |
| Price | 45/- |
| 500 ## - GENERAL NOTE | |
| General note | Compiled by members of the Libraries in Hospitals Section of the International Federation of Library Associations. |
| 650 #0 - SUBJECT ADDED ENTRY--TOPICAL TERM | |
| Topical term or geographic name as entry element | Hospital libraries |
| Form subdivision | Book lists. |
| 9 (RLIN) | 167455 |
| 700 1# - ADDED ENTRY--PERSONAL NAME | |
| Personal name | Gardner, Frank M., |
| Relator term | ed. |
| Personal name | Lewis, Marigold Joy, |
| Relator term | ed. |
| 710 2# - ADDED ENTRY--CORPORATE NAME | |
| Corporate name or jurisdiction name as entry element | International Federation of Library Associations. |
| Subordinate unit | Subsection on Libraries in Hospitals. |
| 9 (RLIN) | 167458 |
| 942 ## - ADDED ENTRY ELEMENTS (KOHA) | |
| Source of classification or shelving scheme | Dewey Decimal Classification |
| Koha item type | Reference |
| Lost status | Source of classification or shelving scheme | Damaged status | Not for loan | Collection code | Permanent Location | Current Location | Shelving location | Date acquired | Source of acquisition | Total Checkouts | Full call number | Date last seen | Copy number | Koha item type |
|---|---|---|---|---|---|---|---|---|---|---|---|---|---|---|
| Dewey Decimal Classification | Not For Loan | Reference | Central Library, University of Rajshahi | Central Library, University of Rajshahi | 10/12/1988 | Britain | R 016.027662 REA 1969 | 28/11/2016 | C-1 | Reference |